How to make winning presentations: 30 action tips for getting your ideas across with clarity and impact (Record no. 190511)

MARC details
000 -LEADER
fixed length control field 00521nam a2200157Ia 4500
005 - DATE AND TIME OF LATEST TRANSACTION
control field 20250403085238.0
008 - FIXED-LENGTH DATA ELEMENTS--GENERAL INFORMATION
fixed length control field 231217s9999 xx 000 0 und d
020 ## - INTERNATIONAL STANDARD BOOK NUMBER
International Standard Book Number 9788172249250
082 ## - DEWEY DECIMAL CLASSIFICATION NUMBER
Classification number 158 TIM;2
100 ## - MAIN ENTRY--PERSONAL NAME
Personal name Timm, Paul, R.
245 #0 - TITLE STATEMENT
Title How to make winning presentations: 30 action tips for getting your ideas across with clarity and impact
260 ## - PUBLICATION, DISTRIBUTION, ETC. (IMPRINT)
Date of publication, distribution, etc. 2006
Name of publisher, distributor, etc. Jaico
Place of publication, distribution, etc. Mumbai
300 ## - PHYSICAL DESCRIPTION
Extent 93
650 ## - SUBJECT ADDED ENTRY--TOPICAL TERM
Topical term or geographic name as entry element make,winning,presentations:,30,getting, you, idea, acros, wit, clarit, an, impact
942 ## - ADDED ENTRY ELEMENTS (KOHA)
Koha item type Books
Holdings
Date last seen Total Checkouts Full call number Accession number Old discount Cost, replacement price Price effective from Category Public note Lost status Damaged status Department Withdrawn status bill no. bill date Permanent Location Current Location Shelving location Entry date Vendor Cost, normal purchase price Grants Currency symbol Conversion rate Discount Discount type
26/01/2024   158 TIM;2 71468   38.00 26/01/2024 Books 71468     Central Library   1993 12/02/2015 Central Library Central Library Central Library 02/12/2010 ICFAI Press 38.00 MBA RS 1   Rupees

© For any Suggestions or Query, please contact the library staff @ librarian@pes.edu or Phone: +9180 2672 1983/ 2108.